Laboratórium odboru II : Vlákna na báze prírodných materiálov /

Salvato in:
Dettagli Bibliografici
Autore principale: Lodesová, Danica (Autore)
Natura: Libro
Pubblicazione: Bratislava : SVŠT v Bratislave, 1987
Tags: Aggiungi Tag
Nessun Tag, puoi essere il primo ad aggiungerne!!

MARC

LEADER 00000nam a22000003a 4500
001 stu20008
005 20150617225752.6
008 ------s1987----cs----------------------d
040 |a STU  |b slo 
041 0
044 |a cs 
080 |a 677.11.3/075.8/ 
100 1 |a Lodesová, Danica  |4 aut 
245 1 |a Laboratórium odboru II :  |b Vlákna na báze prírodných materiálov /  |c [aut.]Lodesová,Danica 
260 |a Bratislava :  |b SVŠT v Bratislave,  |c 1987 
300 |a 150 s :  |b Obr.,tab.,lit 
996 |b 284C018122  |c C*79076  |l CCI  |s A  |a 24  |w stu20008_0001 
996 |b 284C018121  |c C*79077  |l CCI  |s A  |a 24  |w stu20008_0002